000
00316nam a22001217a 4500
020
_a
9780321542304
100
_a
ROCKSWOLD GARY
245
_a
COLLEGE ALGEBRA-with modelling & visualization
250
_a
4th ed
260
_a
BOSTON
_b
PEARSON/addison-wesley
_c
2010
300
_a
various pagination
_b
ill
942
_c
BK
999
_c
252227
_d
252226